Traité pratique de la vaccination animale / (Record no. 157329)
[ view plain ]
| 000 -LEADER | |
|---|---|
| campo de control de longitud fija | 00889nam a2200205 i 4500 |
| 001 - NÚMERO DE CONTROL | |
| campo de control | 157329 |
| 003 - IDENTIFICADOR DE NÚMERO DE CONTROL | |
| campo de control | ES-MaACL |
| 005 - FECHA Y HORA DE LA ÚLTIMA TRANSACCIÓN | |
| campo de control | 20250815115110.0 |
| 008 - DATOS DE LONGITUD FIJA--INFORMACIÓN GENERAL | |
| campo de control de longitud fija | 040806s1889 fr af |||| | fre d |
| 040 ## - FUENTE DE CATALOGACIÓN | |
| Centro catalogador/agencia de origen | CAM |
| Lengua de catalogación | spa |
| Centro/agencia transcriptor | CAM |
| 100 1# - ENTRADA PRINCIPAL--NOMBRE DE PERSONA | |
| Nombre de persona | Layet, Alexandre. |
| 9 (RLIN) | 128761 |
| 245 10 - MENCIÓN DEL TÍTULO | |
| Título | Traité pratique de la vaccination animale / |
| Mención de responsabilidad, etc. | par A. Layet ; orné de figures dans le texte et de 22 planches en chromo-litographie avec une lettre-préface de Brouardel. |
| 260 ## - PUBLICACIÓN, DISTRIBUCIÓN, ETC. | |
| Lugar de publicación, distribución, etc. | Paris : |
| Nombre del editor, distribuidor, etc. | Félix Alcan, éditeur, |
| Fecha de publicación, distribución, etc. | 1889 ( |
| Lugar de fabricación/manufactura | Bordeaux : |
| Fabricante | Imprimerie Nouvelle A. Bellier et C.) |
| 300 ## - DESCRIPCIÓN FÍSICA | |
| Extensión | 320 p., [22] h. lám : |
| Otras características físicas | il. ; |
| Dimensiones | 25 cm. |
| 650 #7 - PUNTO DE ACCESO ADICIONAL DE MATERIA--TÉRMINO DE MATERIA | |
| Término de materia o nombre geográfico como elemento de entrada | Vacunas (Veterinaria) |
| Fuente del encabezamiento o término | embne |
| 9 (RLIN) | 160151 |
| 650 #7 - PUNTO DE ACCESO ADICIONAL DE MATERIA--TÉRMINO DE MATERIA | |
| Término de materia o nombre geográfico como elemento de entrada | Vacunación de animales |
| Fuente del encabezamiento o término | embne |
| 9 (RLIN) | 160152 |
| 700 1# - ENTRADA AGREGADA--NOMBRE PERSONAL | |
| Nombre de persona | Brouardel, Paul ( |
| Fechas asociadas al nombre | 1837-1906) |
| 9 (RLIN) | 126192 |
| 852 ## - LOCALIZACIÓN | |
| Ubicación | ES-MaACL |
| Número de control de estantería | G-8869 |
| Nota libre | -- Enc. hol., conservando la cub. original |
| Estatus retirado | Estado de pérdida | Estado de daño | No para préstamo | Colección | Biblioteca de origen | Biblioteca actual | Ubicación en estantería | Fecha de adquisición | Fuente de adquisición | Total de préstamos | Signatura topográfica completa | Código de barras | Visto por última vez | Precio de reemplazo | Tipo de ítem Koha |
|---|---|---|---|---|---|---|---|---|---|---|---|---|---|---|---|
| Libros del s. XIX | Biblioteca del Ateneo de Madrid | Biblioteca del Ateneo de Madrid | Sala Pecera Planta 3 | 17/01/2008 | G-8869 | 1164644 | 23/02/2023 | 23/02/2023 | Libro impreso antiguo |
